| 000 | 00709nam a22002057a 4500 | ||
|---|---|---|---|
| 005 | 20140924135650.0 | ||
| 008 | 140924b xxu||||| |||| 00| 0 eng d | ||
| 020 | _a9781111824259 | ||
| 050 |
_aHF 5734.7 _b.G249 2014 |
||
| 100 | _aGaspar, Julian E. | ||
| 245 |
_aIntroduction to global business : _bunderstanding the international environment and global business functions / _cJulian E. Gaspar. |
||
| 250 | _bInternational edition. | ||
| 260 |
_aU.S.A. : _bSouth-Western, Cengage Learning, _cc2014. |
||
| 300 |
_a407 pages : _bcolored illustration ; _c26 cm. |
||
| 500 | _aIncludes index. | ||
| 521 | _aBusiness Administration | ||
| 650 | _aBusiness. | ||
| 650 | _aEnvironment. | ||
| 942 |
_2lcc _cBK _kFOR |
||
| 999 |
_c275589 _d275589 |
||